[Event "Niedersachsen-ch op-C"]
[Site "Verden an der Aller"]
[Date "2020.01.03"]
[Round "4"]
[White "Fehsenfeld, Kurt"]
[Black "Schinner, Alexander"]
[Result "0-1"]
[WhiteElo "1600"]
[BlackElo "1337"]
[PlyCount "84"]
[EventDate "2020.01.02"]
[EventType "swiss"]
[EventRounds "7"]
[EventCountry "GER"]
[SourceTitle "EXT 2023"]
[Source "ChessBase"]
[SourceDate "2022.10.05"]
[SourceVersion "1"]
[SourceVersionDate "2022.10.05"]
[SourceQuality "1"]

1. d4 Nf6 2. c4 g6 3. Nc3 d5 4. e3 Bg7 5. Nf3 0-0 6. Be2 c6 7. a3 a5 8. Bd2 Bg4 9. cxd5 cxd5 10. h3 Bd7 11. 0-0 Nc6 12. Rc1 Re8 13. Qb3 Bc8 14. Bb5 Qc7 15. Ne5 Nxe5 16. Nxd5 Nf3+ 17. gxf3 Qd6 18. Nxf6+ Qxf6 19. Qd5 e6 20. Qe4 Rd8 21. f4 Qh4 22. Qg2 e5 23. Kh2 exd4 24. Qg3 Qxg3+ 25. fxg3 dxe3 26. Bxe3 Bxb2 27. Rce1 Bxa3 28. Bb6 Rd2+ 29. Rf2 Rxf2+ 30. Bxf2 Be6 31. Rb1 Rc8 32. Bf1 Rc2 33. Kg1 Bd5 34. Rd1 Bc6 35. Bb6 Bc5+ 36. Bxc5 Rxc5 37. Rb1 a4 38. Rb4 a3 39. Bc4 Ra5 40. Ba2 Rc5 41. Rb1 Rc3 42. Rb3 Rc1+ 0-1

[Event "Niedersachsen-ch op-D"]
[Site "Verden"]
[Date "2017.01.05"]
[Round "2"]
[White "Fehsenfeld, Kurt"]
[Black "Hoke, Joshua Sky"]
[Result "1-0"]
[WhiteElo "1450"]
[BlackElo "1163"]
[PlyCount "39"]
[EventDate "2017.01.05"]
[EventType "swiss"]
[EventRounds "7"]
[EventCountry "GER"]
[SourceTitle "CBM 187 Extra"]
[Source "ChessBase"]
[SourceDate "2018.11.04"]
[SourceVersion "1"]
[SourceVersionDate "2018.11.04"]
[SourceQuality "1"]

1. d4 d5 2. c4 c6 3. e3 Nf6 4. Nc3 e6 5. Nf3 Bd6 6. Qc2 0-0 7. a3 a6 8. b4 b5 9. c5 Bc7 10. Bd3 Nbd7 11. e4 Re8 12. e5 Ne4 13. Nxe4 dxe4 14. Bxe4 Bb7 15. Bxh7+ Kh8 16. Bd3 a5 17. Rb1 Ra7 18. Ng5 Re7 19. Bxb5 cxb5 20. Qh7# 1-0

[Event "Niedersachsen-ch Seniors 49th"]
[Site "Wesel Undeloh"]
[Date "2015.07.24"]
[Round "6"]
[White "Fehsenfeld, Kurt"]
[Black "Drechsel, Dieter"]
[Result "1/2-1/2"]
[WhiteElo "1545"]
[BlackElo "1488"]
[PlyCount "39"]
[EventDate "2015.07.19"]
[EventType "swiss"]
[EventRounds "7"]
[EventCountry "GER"]
[SourceTitle "EXT 2018"]
[Source "ChessBase"]
[SourceDate "2017.10.13"]
[SourceVersion "1"]
[SourceVersionDate "2017.10.13"]
[SourceQuality "1"]

1. d4 d5 2. c4 e6 3. e3 Bb4+ 4. Bd2 Bxd2+ 5. Qxd2 Nf6 6. Nc3 c6 7. Nf3 0-0 8. Bd3 Nbd7 9. Qc2 h6 10. 0-0 Re8 11. Rfe1 b6 12. cxd5 exd5 13. Rad1 Bb7 14. a3 Re7 15. h3 Rc8 16. Qb1 Qc7 17. Rc1 Qb8 18. e4 dxe4 19. Nxe4 Rce8 20. Nxf6+ 1/2-1/2

[Event "Niedersachsen-ch Seniors 49th"]
[Site "Wesel Undeloh"]
[Date "2015.07.22"]
[Round "4"]
[White "Wraga, Hermann"]
[Black "Fehsenfeld, Kurt"]
[Result "0-1"]
[WhiteElo "1409"]
[BlackElo "1545"]
[PlyCount "90"]
[EventDate "2015.07.19"]
[EventType "swiss"]
[EventRounds "7"]
[EventCountry "GER"]
[SourceTitle "EXT 2018"]
[Source "ChessBase"]
[SourceDate "2017.10.13"]
[SourceVersion "1"]
[SourceVersionDate "2017.10.13"]
[SourceQuality "1"]

1. e4 e5 2. Bc4 d6 3. d3 Be7 4. h3 Nc6 5. a3 Nf6 6. Nd2 0-0 7. Ngf3 h6 8. 0-0 Nh7 9. c3 Kh8 10. Qe2 f5 11. exf5 Bxf5 12. Bb3 Qe8 13. Ne4 Qg6 14. Ne1 Bxh3 15. Be3 Bf5 16. Ng3 Bd7 17. Bd5 Nf6 18. Bb3 Ng4 19. Bc1 Nxf2 20. Rxf2 Qxg3 21. Be3 Bg4 22. Qd2 Bh5 23. Rc1 Rf6 24. Rxf6 Bxf6 25. Bxh6 g5 26. Bd1 Bxd1 27. Qxd1 Qh4 28. Bxg5 Qxg5 29. Rc2 Rf8 30. g4 Qe3+ 31. Kg2 Kg7 32. Re2 Qg5 33. Rf2 Ne7 34. Qf3 Ng6 35. Kf1 Be7 36. Qxb7 Rxf2+ 37. Kxf2 Qf4+ 38. Ke2 Qxg4+ 39. Kf2 Qh4+ 40. Kf1 Qh3+ 41. Ke2 Qh2+ 42. Kd1 Qh5+ 43. Nf3 Qh1+ 44. Ke2 Qg2+ 45. Ke3 Bg5+ 0-1

[Event "Bremen-ch Seniors"]
[Site "Bremen"]
[Date "2015.01.08"]
[Round "4"]
[White "Wundahl, Juergen"]
[Black "Fehsenfeld, Kurt"]
[Result "1-0"]
[WhiteElo "1615"]
[BlackElo "1616"]
[PlyCount "110"]
[EventDate "2015.01.05"]
[EventType "swiss"]
[EventRounds "7"]
[EventCountry "GER"]
[SourceTitle "EXT 2018"]
[Source "ChessBase"]
[SourceDate "2017.10.13"]
[SourceVersion "1"]
[SourceVersionDate "2017.10.13"]
[SourceQuality "1"]

1. c4 e5 2. Nc3 Nf6 3. g3 Bc5 4. Bg2 Nc6 5. e3 0-0 6. Nge2 Re8 7. a3 a6 8. 0-0 d6 9. b4 Ba7 10. Bb2 Rb8 11. Nd5 Nxd5 12. cxd5 Ne7 13. Rc1 Ng6 14. Qc2 Re7 15. d4 h5 16. Be4 exd4 17. Nxd4 Qe8 18. Bg2 h4 19. Qc3 Qf8 20. Ne2 h3 21. Bh1 Bg4 22. Rfe1 Ne5 23. Nd4 Rc8 24. Kf1 Bd7 25. Qd2 Bxd4 26. Qxd4 Bb5+ 27. Kg1 Nd3 28. a4 Nxe1 29. axb5 Ng2 30. Bxg2 hxg2 31. bxa6 bxa6 32. Rc6 Ra8 33. Qc3 f6 34. Rxc7 Rxc7 35. Qxc7 Qd8 36. Qc2 Rb8 37. Ba3 Qb6 38. Qf5 Re8 39. Qd7 Qb5 40. Qxb5 axb5 41. Bc1 Re5 42. Kxg2 Rxd5 43. Bb2 Kf7 44. Bd4 Ke6 45. f4 Rxd4 46. exd4 Kd5 47. h4 Kxd4 48. g4 Kc4 49. g5 fxg5 50. fxg5 d5 51. h5 d4 52. h6 gxh6 53. gxh6 d3 54. h7 d2 55. h8Q d1Q 1-0

[Event "GER Seniors Derby 13th"]
[Site "Wesel Undeloh"]
[Date "2014.05.10"]
[Round "7"]
[White "Breuer, Harald"]
[Black "Fehsenfeld, Kurt"]
[Result "1-0"]
[WhiteElo "1845"]
[BlackElo "1650"]
[PlyCount "55"]
[EventDate "2014.05.07"]
[EventType "swiss"]
[EventRounds "9"]
[EventCountry "GER"]
[SourceTitle "EXT 2018"]
[Source "ChessBase"]
[SourceDate "2017.10.13"]
[SourceVersion "1"]
[SourceVersionDate "2017.10.13"]
[SourceQuality "1"]

1. e4 e5 2. f4 Nc6 3. Nf3 d6 4. Bc4 Be7 5. 0-0 Bg4 6. c3 Nf6 7. d3 h6 8. Qe1 Bxf3 9. Rxf3 a6 10. b4 exf4 11. Bxf4 Ne5 12. Bxe5 dxe5 13. Qg3 0-0 14. Qxe5 Nh7 15. Qh5 Nf6 16. Qf5 Qe8 17. Nd2 Nh7 18. Raf1 Ng5 19. Rg3 Bf6 20. d4 Rd8 21. h4 Nh7 22. Nf3 Qd7 23. Qh5 Kh8 24. e5 Qc6 25. Bxf7 Qb5 26. exf6 Nxf6 27. Qg6 Ne8 28. Bxe8 1-0